Christian Leadership / (Record no. 3536)

MARC details
000 -LEADER
fixed length control field 00472nam a2200181Ia 4500
003 - CONTROL NUMBER IDENTIFIER
control field GBCCL
005 - DATE AND TIME OF LATEST TRANSACTION
control field 20241126110457.0
008 - FIXED-LENGTH DATA ELEMENTS--GENERAL INFORMATION
fixed length control field 171129b xxu||||| |||| 00| 0 eng d
040 ## - CATALOGING SOURCE
Transcribing agency gbc
082 ## - DEWEY DECIMAL CLASSIFICATION NUMBER
Classification number 262.1
Item number NOR
100 ## - MAIN ENTRY--PERSONAL NAME
Personal name Norrish, A.E.
9 (RLIN) 7078
245 ## - TITLE STATEMENT
Title Christian Leadership /
Statement of responsibility, etc. A. E. Norrish
250 ## - EDITION STATEMENT
Edition statement 3rd Ed.
260 ## - PUBLICATION, DISTRIBUTION, ETC.
Name of publisher, distributor, etc. Masihi Sahitya Sanstha,
Place of publication, distribution, etc. New Delhi:
Date of publication, distribution, etc. 1972
300 ## - PHYSICAL DESCRIPTION
Extent 46p.;
Dimensions 18 cm.
650 ## - SUBJECT ADDED ENTRY--TOPICAL TERM
Topical term or geographic name entry element Christian Leadership
9 (RLIN) 1568
942 ## - ADDED ENTRY ELEMENTS (KOHA)
Source of classification or shelving scheme Dewey Decimal Classification
Koha item type Books
Koha issues (borrowed), all copies 7
Holdings
Withdrawn status Lost status Source of classification or shelving scheme Damaged status Not for loan Home library Current Library Shelving location Date acquired Total checkouts Full call number Barcode Date last seen Date last checked out Copy number Price effective from Koha item type
    Dewey Decimal Classification     GRACE BIBLE COLLEGE GRACE BIBLE COLLEGE Ministry & Mission 2017-11-29 8 262.1 NOR 000428 2025-05-01 2025-01-24 c.1 2017-11-29 Books
    Dewey Decimal Classification     GRACE BIBLE COLLEGE GRACE BIBLE COLLEGE Ministry & Mission 2022-05-16   262.1 NOR 015582 2025-05-01   c.2 2022-05-16 Books
© Grace Bible College Library 2025